| Tag |
First Indicator |
Second Indicator |
Subfields |
| LEADER |
00000pam a2200000 a 4500 |
| 001 |
in00000079958 |
| 005 |
20151008055249.0 |
| 008 |
810106s1981 nyua b 00110 engm |
| 010 |
|
|
|a 80028229
|
| 020 |
|
|
|a 0670746002
|
| 035 |
|
|
|a (OCoLC)07206277
|
| 035 |
|
|
|9 AAJ2991AM
|
| 039 |
0 |
|
|a 2
|b 3
|c 3
|d 3
|e 3
|
| 040 |
|
|
|a DLC
|c DLC
|d m.c.
|d TXA
|d UtOrBLW
|
| 043 |
|
|
|a e-uk-en
|
| 049 |
|
|
|a TXAM
|c [1442510]
|
| 050 |
0 |
0 |
|a NK2043
|b .L34 1981
|
| 082 |
0 |
|
|a 747.22
|
| 100 |
1 |
|
|a Lasdun, Susan.
|
| 245 |
1 |
0 |
|a Victorians at home /
|c Susan Lasdun ; with an introduction by MarkGirouard.
|
| 264 |
|
1 |
|a New York :
|b Viking Press,
|c 1981.
|
| 300 |
|
|
|a 160 pages :
|b illustrations (some color) ;
|c 22 x 26 cm.
|
| 336 |
|
|
|a text
|b txt
|2 rdacontent
|
| 337 |
|
|
|a unmediated
|b n
|2 rdamedia
|
| 338 |
|
|
|a volume
|b nc
|2 rdacarrier
|
| 490 |
0 |
|
|a A Studio book
|
| 504 |
|
|
|a Includes bibliographical references and index.
|
| 650 |
|
0 |
|a Interior decoration
|z England
|x History
|y 19th century.
|
| 650 |
|
0 |
|a Decoration and ornament
|x Victorian style.
|
| 651 |
|
0 |
|a England
|x Social life and customs
|y 19th century.
|
| 999 |
|
|
|a MARS
|
| 999 |
f |
f |
|s da6bfa70-cd02-3e73-b39f-265db99db0f2
|i 6b269c6f-fb7c-38fb-9395-8b765ed1fe64
|t 0
|
| 952 |
f |
f |
|p normal
|a Texas A&M University
|b College Station
|c Sterling C. Evans Library
|d Evans: Library Stacks
|t 0
|e NK2043 .L34 1981
|h Library of Congress classification
|i unmediated -- volume
|m A14806170567
|
| 998 |
f |
f |
|a NK2043 .L34 1981
|t 0
|l Evans: Library Stacks
|